000 00626nam a2200241 a 4500
001 vtls000968812
003 NLI
005 20210627095152.0
008 120112s1942 enk 000 0 eng
039 9 _y201201121801
_zEntertech_02
040 0 _aNLI
_beng
_cEntertech-2011
_eAACR2
041 0 _aeng
044 _aenk
084 _a61.B.551
100 1 _aBelloc, Hilaire
_9794462
245 1 0 _aPlaces /
_cby Hilaire Belloc
260 _aLondon :
_bCassell,
_c1942
300 _a285 p. ;
_c18 cm.
887 _a
901 _aIMP50701 :
_b31.07.2010
902 _a61.B.551
999 _aVIRTUA
_c793239
_d793239
942 _2ddc
_cBKS